LEADER 01184nam0 22003011i 450 001 RML0298611 005 20231121125741.0 100 $a20121121d1990 ||||0itac50 ba 101 | $aita 102 $ait 181 1$6z01$ai $bxxxe 182 1$6z01$an 200 1 $a˜Il œdestino della sociologia$eun modello interpretativo della prima sociologia italiana$fMarco M. Burgalassi 210 $aPisa $cGiardini $d[1990] 215 $aVIII, 152 p.$d24 cm 225 | $aCollezione di studi e testi di scienze sociali $v5 410 0$1001RML0329676$12001 $aCollezione di studi e testi di scienze sociali $v5 606 $aSociologia$xStoria$xItalia$2FIR$3RMLC416312$9I 676 $a301.0945$9$v21 700 1$aBurgalassi$b, Marco M.$3RMLV192861$0790461 801 3$aIT$bIT-01$c20121121 850 $aIT-FR0017 899 $aBiblioteca umanistica Giorgio Aprea$bFR0017 912 $aRML0298611 950 0$aBiblioteca umanistica Giorgio Aprea$d 52CIS 11/173$e 52VM 0000684765 VM barcode:00060209. - Inventario:758 SASVM$fA $h20070423$i20121204 977 $a 52 996 $aDestino della sociologia$93629412 997 $aUNICAS